Aqwam-e-Mashriq Ki Tareek-e-Azadi / (Record no. 526561)

000 -LEADER
fixed length control field 00468nam a22001697a 4500
003 - CONTROL NUMBER IDENTIFIER
control field NUST
020 ## - INTERNATIONAL STANDARD BOOK NUMBER
Qualifying information H/B
038 ## - RECORD CONTENT LICENSOR
Staff Name waseem
082 ## - DEWEY DECIMAL CLASSIFICATION NUMBER
Classification number 320.92
Author Mark ZAI
100 ## - MAIN ENTRY--PERSONAL NAME
Personal name Zaidi, Sabira
9 (RLIN) 17575
245 ## - TITLE STATEMENT
Title Aqwam-e-Mashriq Ki Tareek-e-Azadi /
Statement of responsibility, etc. Sabira Zaidi
260 ## - PUBLICATION, DISTRIBUTION, ETC.
Place of publication, distribution, etc. Lahore :
Name of publisher, distributor, etc. Fiction House,
Date of publication, distribution, etc. 2011.
300 ## - PHYSICAL DESCRIPTION
Extent 391 p. ;
880 ## - ALTERNATE GRAPHIC REPRESENTATION
Linkage 100-01\r
Title صابرہ زیدی
880 ## - ALTERNATE GRAPHIC REPRESENTATION
Linkage 245-02\r
Title اقوام مشرق کی تحریکِ آزادی /
942 ## - ADDED ENTRY ELEMENTS (KOHA)
Source of classification or shelving scheme
Koha item type Book
Holdings
Withdrawn status Lost status Source of classification or shelving scheme Damaged status Not for loan Permanent Location Current Location Date acquired Total Checkouts Full call number Barcode Date last seen Price effective from Koha item type
          Central Library (CL) Central Library (CL) 07/13/2019   320.92 ZAI CL-E-93 07/13/2019 07/13/2019 Book
© 2023 Central Library, National University of Sciences and Technology. All Rights Reserved.